[Event "Pilsen Open 2014"]
[Site "Pilsen CZE"]
[Date "2014.11.28"]
[Round "6"]
[White "Kourousis, Epaminondas"]
[Black "Ianov, Viktor"]
[Result "1/2-1/2"]
[WhiteElo "2380"]
[BlackElo "2300"]
[PlyCount "113"]
[EventDate "2014.11.23"]
[EventType "swiss"]
[EventRounds "7"]
[Source "lmi"]
[SourceDate "2014.11.23"]

1. d4 Nf6 2. Nf3 g6 3. c4 Bg7 4. Nc3 O-O 5. e4 d6 6. h3 Na6 7. Be3 c5 8. d5 e6
9. dxe6 Bxe6 10. Be2 Qe7 11. O-O Nb4 12. Re1 a6 13. Bf1 Qc7 14. Qd2 Nc6 15.
Rad1 Rad8 16. Nd5 Bxd5 17. cxd5 Nb8 18. Bh6 Bxh6 19. Qxh6 Rfe8 20. Qh4 Nbd7 21.
Re3 Kg7 22. Rde1 h6 23. Bd3 b5 24. Nh2 Ne5 25. Be2 c4 26. f4 Qc5 27. Qf2 Ned7
28. Bf3 Nb6 29. R3e2 Na4 30. Ng4 Nxg4 31. hxg4 Qxf2+ 32. Kxf2 Nc5 33. Rd1 Nd3+
34. Ke3 f5 35. gxf5 gxf5 36. g3 Re7 37. Kd4 Rde8 38. Rdd2 Kf6 39. b3 fxe4 40.
Rxe4 Rxe4+ 41. Bxe4 Nc5 42. Bc2 cxb3 43. axb3 a5 44. Rh2 Kg7 45. g4 Re1 46. g5
hxg5 47. fxg5 Rg1 48. Rh7+ Kg8 49. g6 Rg2 50. Bf5 Rd2+ 51. Ke3 Rxd5 52. Kf4 Re5
53. Ra7 Nxb3 54. Ra8+ Kg7 55. Ra7+ Kg8 56. Ra8+ Kg7 57. Ra7+ 1/2-1/2

[Event "Pilsen Open 2014"]
[Site "Pilsen CZE"]
[Date "2014.11.28"]
[Round "6"]
[White "Chudinovskikh, Alexander M"]
[Black "Burnett, Andrew"]
[Result "1/2-1/2"]
[WhiteElo "2242"]
[BlackElo "2269"]
[PlyCount "75"]
[EventDate "2014.11.23"]
[EventType "swiss"]
[EventRounds "7"]
[Source "lmi"]
[SourceDate "2014.11.23"]

1. d4 Nf6 2. Nf3 c5 3. d5 d6 4. Nc3 a6 5. a4 e5 6. Nd2 Nbd7 7. e4 g6 8. Be2 Bg7
9. Nc4 Nb6 10. Ne3 Bd7 11. a5 Nc8 12. Nc4 Bb5 13. Ne3 Bd7 14. O-O O-O 15. Bd2
Ne8 16. g4 Bh6 17. Kh1 Kh8 18. Rg1 Bf4 19. Ng2 g5 20. h4 Qf6 21. Ra3 Rg8 22.
Nb1 Ne7 23. Rh3 Ng6 24. hxg5 Bxg5 25. Bxg5 Qxg5 26. Rh5 Qe7 27. Nd2 Nf6 28. Rh2
Nf4 29. Nxf4 exf4 30. f3 Rg5 31. Bd3 Rag8 32. Qe1 R8g7 33. Qh4 Kg8 34. Rgg2 Kf8
35. Qh6 Ng8 36. Qh4 Nf6 37. Qh6 Ng8 38. Qh4 1/2-1/2

[Event "Pilsen Open 2014"]
[Site "Pilsen CZE"]
[Date "2014.11.28"]
[Round "6"]
[White "Palek, Miroslav"]
[Black "Jurek, Josef"]
[Result "1/2-1/2"]
[WhiteElo "2226"]
[BlackElo "2301"]
[PlyCount "100"]
[EventDate "2014.11.23"]
[EventType "swiss"]
[EventRounds "7"]
[Source "lmi"]
[SourceDate "2014.11.23"]

1. d4 d5 2. Nf3 Bf5 3. c4 e6 4. Nc3 c6 5. Qb3 Qb6 6. Qxb6 axb6 7. Nh4 Bc2 8.
Kd2 Bb3 9. cxd5 cxd5 10. e3 Bb4 11. a3 Nf6 12. Bb5+ Nc6 13. Ke2 O-O 14. Bd2 Bd6
15. Nf3 Nd7 16. Rhc1 e5 17. dxe5 Ndxe5 18. Nd1 Nxf3 19. gxf3 Bc5 20. Rc3 Ba4
21. Bxa4 Rxa4 22. Rd3 d4 23. f4 Re8 24. Kf3 Raa8 25. Rc1 Rad8 26. b4 dxe3 27.
Rxd8 Rxd8 28. Bxe3 Nd4+ 29. Kg2 Nb3 30. Rc3 Bxe3 31. Nxe3 Nd4 32. Rc7 Rb8 33.
Rd7 Nb5 34. Nc4 Kf8 35. Nxb6 Ke8 36. a4 Na7 37. Rc7 Nc6 38. b5 Na5 39. Rc3 Rd8
40. Nc4 Nxc4 41. Rxc4 Rd3 42. a5 Ra3 43. Rc7 Rxa5 44. Rxb7 Ra3 45. b6 Rb3 46.
f5 h5 47. f6 gxf6 48. Rb8+ Kd7 49. Rh8 Rxb6 50. Rxh5 Rb3 1/2-1/2

[Event "Pilsen Open 2014"]
[Site "Pilsen CZE"]
[Date "2014.11.28"]
[Round "6"]
[White "Piankov, Evgenij"]
[Black "Kuba, Stanislav"]
[Result "0-1"]
[WhiteElo "2283"]
[BlackElo "2174"]
[PlyCount "92"]
[EventDate "2014.11.23"]
[EventType "swiss"]
[EventRounds "7"]
[Source "lmi"]
[SourceDate "2014.11.23"]

1. d4 g6 2. c4 Bg7 3. Nc3 Nf6 4. g3 O-O 5. Bg2 d6 6. Nf3 c6 7. O-O a6 8. a4 a5
9. d5 cxd5 10. cxd5 Na6 11. Nd4 Nb4 12. h3 e6 13. dxe6 fxe6 14. e4 Qe7 15. Be3
Nd7 16. Ndb5 Ra6 17. Bd4 e5 18. Be3 Nc5 19. Nd5 Nxd5 20. exd5 b6 21. Ra3 Ra8
22. Qd2 Ba6 23. Rc1 Bxb5 24. axb5 Qd7 25. Bf1 Rae8 26. b4 axb4 27. Qxb4 e4 28.
Re1 Kh8 29. Bd4 Bxd4 30. Qxd4+ Kg8 31. Rea1 Re7 32. Qe3 Ref7 33. Ra8 Qf5 34.
Rxf8+ Kxf8 35. Ra8+ Kg7 36. Rb8 Nd7 37. Qd4+ Kh6 38. Rg8 Nf6 39. Rd8 Nxd5 40.
Rxd6 e3 41. f4 Qc2 42. Qd3 Qf2+ 43. Kh1 Re7 44. Qe2 Qxe2 45. Bxe2 Nc3 46. Bd3
Ne4 0-1

[Event "Pilsen Open 2014"]
[Site "Pilsen CZE"]
[Date "2014.11.28"]
[Round "6"]
[White "Ilandzis, Spyridon"]
[Black "Sideris, Nikiforos"]
[Result "1/2-1/2"]
[WhiteElo "2148"]
[BlackElo "2017"]
[PlyCount "79"]
[EventDate "2014.11.23"]
[EventType "swiss"]
[EventRounds "7"]
[Source "lmi"]
[SourceDate "2014.11.23"]

1. d4 Nf6 2. c4 c5 3. d5 e6 4. Nc3 exd5 5. cxd5 d6 6. e4 g6 7. Nf3 Bg7 8. Be2
O-O 9. O-O a6 10. a4 Re8 11. Nd2 Nbd7 12. Qc2 Rb8 13. f4 Qe7 14. Ra3 Nf8 15. h3
Nh5 16. Bxh5 gxh5 17. a5 b5 18. axb6 Rxb6 19. Qd1 h4 20. Qh5 Ng6 21. Nf3 Rb4
22. f5 Ne5 23. Nxe5 Bxe5 24. Bg5 Bf6 25. Bxf6 Qxf6 26. Rf4 Rxb2 27. Rxh4 Bxf5
28. Nd1 Bg6 29. Rg3 Rb1 30. Qxh7+ Kf8 31. Qh6+ Ke7 32. Rd3 c4 33. e5 Qf5 34.
Rxc4 Qxd3 35. exd6+ Kxd6 36. Qf4+ Ke7 37. Qe5+ Kf8 38. Qh8+ Ke7 39. Qe5+ Kf8
40. Qh8+ 1/2-1/2

[Event "Pilsen Open 2014"]
[Site "Pilsen CZE"]
[Date "2014.11.28"]
[Round "6"]
[White "Stengl, Jaroslav"]
[Black "Grove, Michael"]
[Result "1-0"]
[WhiteElo "2024"]
[BlackElo "2083"]
[PlyCount "59"]
[EventDate "2014.11.23"]
[EventType "swiss"]
[EventRounds "7"]
[Source "lmi"]
[SourceDate "2014.11.23"]

1. c4 b6 2. Nc3 Nf6 3. d4 Bb7 4. e3 e6 5. Nf3 Be7 6. Bd3 c5 7. O-O Nc6 8. d5
Nb4 9. e4 d6 10. a3 Nxd3 11. Qxd3 O-O 12. h3 a6 13. Be3 e5 14. b4 Bc8 15. Rfd1
Ne8 16. Nh2 Bg5 17. Bxg5 Qxg5 18. Na4 Rb8 19. bxc5 bxc5 20. Rab1 Rxb1 21. Rxb1
f5 22. f3 Qg3 23. Nf1 fxe4 24. Nxg3 exd3 25. Kf2 Nf6 26. Ke3 g6 27. Rb6 Bf5 28.
Rxd6 Kg7 29. Nxc5 Rb8 30. Nxf5+ 1-0

[Event "Pilsen Open 2014"]
[Site "Pilsen CZE"]
[Date "2014.11.28"]
[Round "6"]
[White "Kucera, Tomas"]
[Black "Janska, Jitka"]
[Result "1-0"]
[WhiteElo "1978"]
[BlackElo "2077"]
[PlyCount "127"]
[EventDate "2014.11.23"]
[EventType "swiss"]
[EventRounds "7"]
[Source "lmi"]
[SourceDate "2014.11.23"]

1. e4 e5 2. Nf3 Nc6 3. Bc4 Nf6 4. O-O Nxe4 5. Qe2 Nd6 6. Nxe5 Nxe5 7. Qxe5+ Qe7
8. Qc3 Nxc4 9. Qxc4 c6 10. d3 d5 11. Qd4 Be6 12. Be3 c5 13. Qf4 d4 14. Bd2 Qd7
15. Na3 Bd6 16. Qf3 O-O 17. Kh1 Bc7 18. Bf4 Bd5 19. Qg3 Bxf4 20. Qxf4 Rac8 21.
Rfe1 Rc6 22. Nc4 Rf6 23. Qd2 Rh6 24. f3 f6 25. Qf4 g5 26. Qg3 b5 27. Qd6 Rd8
28. Qxd7 Rxd7 29. Nd2 f5 30. Re5 Rf6 31. Nb3 Bxb3 32. axb3 Rc7 33. Rae1 h6 34.
Kg1 Kf7 35. Kf2 Kg6 36. Re7 Rf7 37. R1e6+ Kg7 38. Rxf7+ Kxf7 39. Rxh6 Kg7 40.
Rd6 c4 41. dxc4 bxc4 42. Rxd4 cxb3 43. c3 a5 44. Rd5 a4 45. Rxf5 Kg6 46. Ra5
Rxc3 47. Rxa4 Rc2+ 48. Kg3 Rxb2 49. Rb4 Kf5 50. Rb5+ Kg6 51. Kh3 Kf6 52. g3 Kg6
53. Kg4 Rxh2 54. Rxb3 Rg2 55. Rb6+ Kf7 56. Rb5 Ra2 57. Kxg5 Ra3 58. Rf5+ Kg7
59. g4 Ra6 60. Rb5 Rg6+ 61. Kf4 Rf6+ 62. Kg3 Ra6 63. g5 Ra1 64. Kg4 1-0

[Event "Pilsen Open 2014"]
[Site "Pilsen CZE"]
[Date "2014.11.28"]
[Round "6"]
[White "Vlk, Miloslav"]
[Black "Svidinsky, Dmtry"]
[Result "0-1"]
[WhiteElo "1956"]
[BlackElo "2073"]
[PlyCount "60"]
[EventDate "2014.11.23"]
[EventType "swiss"]
[EventRounds "7"]
[Source "lmi"]
[SourceDate "2014.11.23"]

1. c4 f5 2. Nc3 Nf6 3. g3 g6 4. Bg2 Bg7 5. d4 O-O 6. Nf3 d6 7. O-O Qe8 8. b3 e5
9. dxe5 dxe5 10. Ba3 Rf7 11. Qc2 Nc6 12. Rad1 e4 13. Ng5 Rd7 14. e3 h6 15. Nh3
g5 16. Kh1 Rxd1 17. Rxd1 Qh5 18. Qe2 Ng4 19. Qe1 Nce5 20. Rd8+ Kf7 21. Nd5 Nd3
22. Qf1 Ndxf2+ 23. Kg1 f4 24. gxf4 c6 25. Ne7 Nxh3+ 26. Bxh3 Nxe3 27. Qf2 Bxh3
28. fxg5+ Qf3 29. g6+ Ke6 30. Rxa8 Qd1+ 0-1

[Event "Pilsen Open 2014"]
[Site "Pilsen CZE"]
[Date "2014.11.28"]
[Round "6"]
[White "Borisek, Anze"]
[Black "Tesar, Jan"]
[Result "0-1"]
[WhiteElo "1934"]
[BlackElo "2073"]
[PlyCount "74"]
[EventDate "2014.11.23"]
[EventType "swiss"]
[EventRounds "7"]
[Source "lmi"]
[SourceDate "2014.11.23"]

1. d4 Nf6 2. Bg5 Ne4 3. h4 c5 4. dxc5 Nxc5 5. Nf3 Qb6 6. Qc1 g6 7. c3 Bg7 8. h5
d5 9. h6 Bf6 10. Bxf6 exf6 11. e3 O-O 12. Na3 Nc6 13. Be2 Bg4 14. O-O Ne5 15.
Qc2 Nxf3+ 16. Bxf3 Bxf3 17. gxf3 Qe6 18. Kg2 f5 19. Nb5 Qf6 20. f4 Qh4 21. Qe2
Qxh6 22. Nc7 Rad8 23. Rad1 g5 24. Rh1 Qg6 25. Rh5 gxf4+ 26. Kh1 Kh8 27. Rg1 Qc6
28. exf4 d4+ 29. Kh2 d3 30. Qe5+ f6 31. Qxf5 Qxc7 32. Rg3 Rf7 33. Rgh3 Rdd7 34.
Rxh7+ Rxh7 35. Qxf6+ Kg8 36. Qg6+ Kf8 37. Qf6+ Rdf7 0-1

[Event "Pilsen Open 2014"]
[Site "Pilsen CZE"]
[Date "2014.11.28"]
[Round "6"]
[White "Kopriva, Martin"]
[Black "Truksa, Vaclav"]
[Result "1-0"]
[WhiteElo "1889"]
[BlackElo "1818"]
[PlyCount "45"]
[EventDate "2014.11.23"]
[EventType "swiss"]
[EventRounds "7"]
[Source "lmi"]
[SourceDate "2014.11.23"]

1. e4 d6 2. Nf3 Nf6 3. Nc3 c6 4. d4 Qc7 5. Bd3 e5 6. O-O Be7 7. d5 a6 8. h3
Nbd7 9. a4 Nc5 10. b4 Nxd3 11. Qxd3 cxd5 12. exd5 Bf5 13. Qxf5 Qxc3 14. Ra3 Qc4
15. Rd1 Rc8 16. Nxe5 dxe5 17. Qxe5 Nd7 18. Qxg7 Rf8 19. d6 Bf6 20. Re1+ Kd8 21.
Bg5 Qd4 22. Rf3 Bxg5 23. Qxd4 1-0

[Event "Pilsen Open 2014"]
[Site "Pilsen CZE"]
[Date "2014.11.28"]
[Round "6"]
[White "Bechynsky, Jan"]
[Black "Klimina, Nina"]
[Result "1-0"]
[WhiteElo "1873"]
[BlackElo "1404"]
[PlyCount "59"]
[EventDate "2014.11.23"]
[EventType "swiss"]
[EventRounds "7"]
[Source "lmi"]
[SourceDate "2014.11.23"]

1. e4 c5 2. c3 Nf6 3. e5 Nd5 4. d4 cxd4 5. cxd4 d6 6. exd6 e6 7. Nc3 Nxc3 8.
bxc3 Bxd6 9. Nf3 O-O 10. Bd3 Qc7 11. Bd2 Nd7 12. O-O b6 13. h3 Bb7 14. Qe2 Nf6
15. Ne5 Bxe5 16. dxe5 Nd7 17. Rfe1 Rad8 18. Bg5 Rc8 19. Rac1 Nc5 20. Bb1 Qc6
21. Qg4 Kh8 22. f3 Nd7 23. Qh4 f5 24. exf6 g6 25. Bxg6 Qc5+ 26. Be3 Qxe3+ 27.
Rxe3 Nxf6 28. Rxe6 Rc7 29. Rxf6 Rxf6 30. Qxf6+ 1-0

[Event "Pilsen Open 2014"]
[Site "Pilsen CZE"]
[Date "2014.11.28"]
[Round "6"]
[White "Berka, Lubos"]
[Black "Voith, Walter"]
[Result "1-0"]
[WhiteElo "1751"]
[BlackElo "1650"]
[PlyCount "27"]
[EventDate "2014.11.23"]
[EventType "swiss"]
[EventRounds "7"]
[Source "lmi"]
[SourceDate "2014.11.23"]

1. e4 d5 2. exd5 Qxd5 3. Nc3 Qa5 4. d4 Nf6 5. Bd2 c6 6. Nf3 Bf5 7. Be2 e6 8.
O-O Nbd7 9. a3 h6 10. Re1 Bd6 11. Nb5 Bxh2+ 12. Nxh2 Qd8 13. Nd6+ Ke7 14. Nxf5+
1-0

[Event "Pilsen Open 2014"]
[Site "Pilsen CZE"]
[Date "2014.11.29"]
[Round "7"]
[White "Roeder, Matthias"]
[Black "Kaiser, Dieter"]
[Result "1-0"]
[WhiteElo "2411"]
[BlackElo "2254"]
[PlyCount "118"]
[EventDate "2014.11.23"]
[EventType "swiss"]
[EventRounds "7"]
[Source "lmi"]
[SourceDate "2014.11.23"]

1. Nf3 d5 2. c4 c6 3. e3 Nf6 4. Nc3 Bg4 5. Qb3 Qb6 6. Ne5 Be6 7. d4 Nbd7 8.
Nxd7 Bxd7 9. Na4 Qxb3 10. axb3 Rb8 11. Nc5 a6 12. Bd2 Ne4 13. Nxd7 Kxd7 14. Ba5
e6 15. Bd3 b6 16. Bc3 Nxc3 17. bxc3 a5 18. Kd2 dxc4 19. Bxc4 Bd6 20. Be2 e5 21.
dxe5 Bxe5 22. Kc2 Kc7 23. h4 Rhe8 24. Ra4 Re7 25. Bf3 f5 26. g3 Rd8 27. Rd1
Rxd1 28. Bxd1 Kd6 29. Bf3 Ra7 30. b4 c5 31. b5 Rd7 32. Bc6 Rd8 33. f4 Bf6 34.
e4 fxe4 35. Rxe4 Rf8 36. h5 g5 37. hxg6 hxg6 38. Re2 g5 39. Rh2 Bd8 40. Rh6+
Kc7 41. Rh7+ Kd6 42. Kd3 gxf4 43. gxf4 Ke6 44. Ke4 a4 45. Ra7 a3 46. Rxa3 Bc7
47. f5+ Kf6 48. Bd7 Rd8 49. Be6 Be5 50. Ra6 Bxc3 51. Rxb6 Rd4+ 52. Ke3 Bd2+ 53.
Ke2 Bf4 54. Rc6 c4 55. b6 Be5 56. b7 c3 57. Rxc3 Rb4 58. Rc6 Kg5 59. Bc8 Bf6
1-0

[Event "Pilsen Open 2014"]
[Site "Pilsen CZE"]
[Date "2014.11.29"]
[Round "7"]
[White "Kuba, Stanislav"]
[Black "Kourousis, Epaminondas"]
[Result "0-1"]
[WhiteElo "2174"]
[BlackElo "2380"]
[PlyCount "104"]
[EventDate "2014.11.23"]
[EventType "swiss"]
[EventRounds "7"]
[Source "lmi"]
[SourceDate "2014.11.23"]

1. g3 d5 2. Bg2 c5 3. Nf3 Nc6 4. O-O e5 5. d3 h6 6. c3 Nf6 7. a3 Be6 8. b4 a6
9. Bb2 Qc7 10. Nbd2 Rd8 11. Rc1 c4 12. a4 Be7 13. b5 Na5 14. d4 e4 15. Ne5 Nd7
16. Nxd7 Bxd7 17. bxa6 bxa6 18. e3 Rb8 19. Rb1 h5 20. f3 f5 21. Bh3 g6 22. Qc2
Nb3 23. fxe4 Nxd2 24. Qxd2 fxe4 25. Bxd7+ Kxd7 26. Qg2 Qc6 27. Rf7 Rhf8 28.
Rbf1 Rxf7 29. Rxf7 Qe6 30. Rf2 Bg5 31. Re2 Qg4 32. h4 Bh6 33. Ba3 Qf3 34. Kh2
Rb1 35. Qxf3 exf3 36. Rf2 Ra1 37. Bb4 Rxa4 38. Rxf3 Ke6 39. Bf8 Bxf8 40. Rxf8
Ra3 41. Re8+ Kf6 42. Rd8 Rxc3 43. Rxd5 Rxe3 44. Rc5 c3 45. Rc6+ Kf5 46. Rxa6
Re6 47. Ra5+ Ke4 48. d5 Rd6 49. g4 Rxd5 50. Ra6 Rc5 51. Rxg6 c2 52. Re6+ Kf4
0-1

[Event "Pilsen Open 2014"]
[Site "Pilsen CZE"]
[Date "2014.11.29"]
[Round "7"]
[White "Ianov, Viktor"]
[Black "Palek, Miroslav"]
[Result "1-0"]
[WhiteElo "2300"]
[BlackElo "2226"]
[PlyCount "59"]
[EventDate "2014.11.23"]
[EventType "swiss"]
[EventRounds "7"]
[Source "lmi"]
[SourceDate "2014.11.23"]

1. c4 Nf6 2. g3 e5 3. Bg2 Nc6 4. Nf3 d5 5. cxd5 Nxd5 6. O-O Nb6 7. Nc3 Be7 8.
d3 O-O 9. Be3 Be6 10. Rc1 Nd5 11. Bd2 Nxc3 12. Bxc3 Bf6 13. Qa4 Re8 14. Rfd1
Nd4 15. Nxd4 exd4 16. Ba5 b6 17. Bxa8 Qxa8 18. Bd2 c5 19. f3 h5 20. b4 cxb4 21.
Bxb4 Bd5 22. Rc2 a5 23. Be1 g5 24. Rdc1 Rd8 25. Qb5 Qb8 26. Bf2 Be5 27. a4 h4
28. Kg2 g4 29. gxh4 Bxh2 30. Qxd5 1-0

[Event "Pilsen Open 2014"]
[Site "Pilsen CZE"]
[Date "2014.11.29"]
[Round "7"]
[White "Egorov, Konstantin"]
[Black "Chudinovskikh, Alexander M"]
[Result "0-1"]
[WhiteElo "2089"]
[BlackElo "2242"]
[PlyCount "60"]
[EventDate "2014.11.23"]
[EventType "swiss"]
[EventRounds "7"]
[Source "lmi"]
[SourceDate "2014.11.23"]

1. Nf3 d5 2. g3 g6 3. Bg2 Bg7 4. O-O e5 5. d3 Ne7 6. Nbd2 Nbc6 7. e4 O-O 8. a4
a5 9. exd5 Nxd5 10. c3 h6 11. Qb3 Nb6 12. Nc4 Be6 13. Qb5 e4 14. Nfd2 exd3 15.
Nxb6 cxb6 16. Nf3 Na7 17. Bg5 hxg5 18. Qxg5 Qxg5 19. Nxg5 Nc6 20. Nxe6 fxe6 21.
Rad1 Rad8 22. Rfe1 Rd6 23. Be4 Rfd8 24. f4 e5 25. Kg2 exf4 26. gxf4 Bh6 27. Kg3
d2 28. Re2 Kg7 29. h4 Rf8 30. Rf2 Rdf6 0-1

[Event "Pilsen Open 2014"]
[Site "Pilsen CZE"]
[Date "2014.11.29"]
[Round "7"]
[White "Simantsev, Mikhail"]
[Black "Tesar, Jan"]
[Result "1-0"]
[WhiteElo "2452"]
[BlackElo "2073"]
[PlyCount "65"]
[EventDate "2014.11.23"]
[EventType "swiss"]
[EventRounds "7"]
[Source "lmi"]
[SourceDate "2014.11.23"]

1. d4 Nf6 2. c4 g6 3. f3 Bg7 4. e4 d6 5. Nc3 O-O 6. Be3 Nc6 7. Nge2 e5 8. Qd2
exd4 9. Nxd4 Ne5 10. Be2 c6 11. Rd1 Qc7 12. O-O a6 13. Rc1 Re8 14. Rfd1 Bd7 15.
h3 Be6 16. Nxe6 Rxe6 17. Nd5 Qb8 18. Nb6 Ra7 19. b4 a5 20. b5 Qe8 21. Nd5 cxd5
22. cxd5 Nxd5 23. Bxa7 Nf6 24. Qxa5 Ned7 25. Bc4 b6 26. Qa6 Re5 27. Bxb6 Bh6
28. Bd4 Bxc1 29. Rxc1 d5 30. Bxd5 Nxd5 31. Rc8 Nc7 32. Qb7 Re7 33. Qxc7 1-0

[Event "Pilsen Open 2014"]
[Site "Pilsen CZE"]
[Date "2014.11.29"]
[Round "7"]
[White "Jurek, Josef"]
[Black "Stengl, Jaroslav"]
[Result "0-1"]
[WhiteElo "2301"]
[BlackElo "2024"]
[PlyCount "122"]
[EventDate "2014.11.23"]
[EventType "swiss"]
[EventRounds "7"]
[Source "lmi"]
[SourceDate "2014.11.23"]

1. Nf3 d5 2. c4 d4 3. g3 c5 4. b4 Qc7 5. Bg2 e5 6. O-O Nf6 7. d3 Be7 8. Nbd2
O-O 9. a3 cxb4 10. axb4 Bxb4 11. Ba3 Nc6 12. Qb3 a5 13. Bxb4 Nxb4 14. Rfb1 Rb8
15. Ne1 Nd7 16. Nc2 Nc5 17. Qb2 Nxc2 18. Qxc2 b6 19. Nb3 Bd7 20. Qa2 Na4 21.
Qa3 Rfc8 22. Rc1 Nc3 23. Re1 a4 24. Nd2 b5 25. cxb5 Rxb5 26. e3 Be6 27. h3 Rcb8
28. exd4 exd4 29. Bf3 Rb2 30. Nc4 R2b4 31. Ne5 Rb3 32. Qc1 Rb1 33. Qf4 Rxe1+
34. Rxe1 f6 35. Nc6 Qxf4 36. gxf4 Rb1 37. Rxb1 Nxb1 38. Nxd4 a3 39. Nc2 Nd2 40.
Bc6 a2 41. Ba4 Bb3 42. Bxb3+ Nxb3 43. Kg2 a1=Q 44. Nxa1 Nxa1 45. Kf3 Kf7 46.
Ke4 Ke6 47. f5+ Kd6 48. Kd4 Nc2+ 49. Kc3 Ne1 50. Kd4 Nf3+ 51. Ke3 Ne5 52. f4
Nc6 53. Ke4 Kc5 54. Ke3 Kd5 55. Kf3 Kd4 56. Ke2 Nb4 57. Kf3 Kxd3 58. Kg4 Ke3
59. h4 Nd5 60. Kh5 Nxf4+ 61. Kg4 h5+ 0-1

[Event "Pilsen Open 2014"]
[Site "Pilsen CZE"]
[Date "2014.11.29"]
[Round "7"]
[White "Svidinsky, Dmtry"]
[Black "Kucera, Tomas"]
[Result "1/2-1/2"]
[WhiteElo "2073"]
[BlackElo "1978"]
[PlyCount "20"]
[EventDate "2014.11.23"]
[EventType "swiss"]
[EventRounds "7"]
[Source "lmi"]
[SourceDate "2014.11.23"]

1. d4 Nf6 2. c4 d6 3. Nc3 g6 4. e4 Bg7 5. Be2 O-O 6. Nf3 e5 7. dxe5 dxe5 8.
Qxd8 Rxd8 9. Bg5 Re8 10. O-O c6 1/2-1/2

[Event "Pilsen Open 2014"]
[Site "Pilsen CZE"]
[Date "2014.11.29"]
[Round "7"]
[White "Malinovsky, Petr"]
[Black "Piankov, Evgenij"]
[Result "0-1"]
[WhiteElo "2024"]
[BlackElo "2283"]
[PlyCount "56"]
[EventDate "2014.11.23"]
[EventType "swiss"]
[EventRounds "7"]
[Source "lmi"]
[SourceDate "2014.11.23"]

1. d4 d5 2. c4 c6 3. e3 e6 4. Nf3 Bd6 5. b3 f5 6. Ne5 Nf6 7. f4 O-O 8. Be2 Ne4
9. O-O b6 10. Bb2 Bb7 11. Nd2 Nd7 12. Ndf3 Nxe5 13. Nxe5 Qe7 14. Rc1 Rac8 15.
Bd3 c5 16. Qe2 Rc7 17. Rc2 Rfc8 18. Rfc1 cxd4 19. exd4 Ba3 20. cxd5 Bxb2 21.
Rxc7 Bxd4+ 22. Kf1 Rxc7 23. Nc6 Bxc6 24. dxc6 Qd6 25. g3 Rxc6 26. Re1 g6 27.
Bc4 Kg7 28. Qd3 Bc3 0-1

[Event "Pilsen Open 2014"]
[Site "Pilsen CZE"]
[Date "2014.11.29"]
[Round "7"]
[White "Bartos, Jan"]
[Black "Horyna, Josef"]
[Result "1-0"]
[WhiteElo "2194"]
[BlackElo "1865"]
[PlyCount "97"]
[EventDate "2014.11.23"]
[EventType "swiss"]
[EventRounds "7"]
[Source "lmi"]
[SourceDate "2014.11.23"]

1. d4 d5 2. c4 e6 3. Nf3 Nf6 4. Nc3 Be7 5. Bf4 O-O 6. e3 c6 7. Bd3 Nbd7 8. O-O
dxc4 9. Bxc4 Nd5 10. Bg3 Nxc3 11. bxc3 Nf6 12. Bd3 Qa5 13. Qc2 h6 14. Ne5 Nd7
15. Nc4 Qd8 16. e4 b5 17. Nd6 Nb6 18. Nxc8 Rxc8 19. Rfd1 Bh4 20. Bf4 Bg5 21.
Bxg5 Qxg5 22. c4 bxc4 23. Bxc4 Nxc4 24. Qxc4 Qb5 25. Rdc1 Rfd8 26. Rab1 Qxc4
27. Rxc4 Rd7 28. g4 Rcd8 29. Rbb4 g5 30. Ra4 Kg7 31. Kg2 Kg6 32. Kf3 h5 33. h3
hxg4+ 34. hxg4 Kf6 35. Ke3 Rc7 36. Ra6 Ke7 37. Raxc6 Rxc6 38. Rxc6 Rd7 39. Rc5
Kf6 40. Ra5 Rc7 41. Kd3 Kg6 42. a4 Kf6 43. f3 Kg6 44. d5 exd5 45. exd5 Kf6 46.
Kd4 Ke7 47. Ke5 Rb7 48. d6+ Ke8 49. Rb5 1-0

[Event "Pilsen Open 2014"]
[Site "Pilsen CZE"]
[Date "2014.11.29"]
[Round "7"]
[White "Plchot, Miroslav"]
[Black "Eret, Jonas"]
[Result "0-1"]
[WhiteElo "1918"]
[BlackElo "2054"]
[PlyCount "34"]
[EventDate "2014.11.23"]
[EventType "swiss"]
[EventRounds "7"]
[Source "lmi"]
[SourceDate "2014.11.23"]

1. d4 e6 2. Bf4 b6 3. Nf3 Nf6 4. e3 Bb7 5. Bd3 Be7 6. O-O O-O 7. Nbd2 c5 8. c4
d6 9. dxc5 bxc5 10. Qe2 e5 11. Nxe5 dxe5 12. Bxe5 Nc6 13. Bc3 Qc7 14. Bxf6 Bxf6
15. Qh5 g6 16. Qxc5 Rad8 17. Qa3 Be7 0-1

[Event "Pilsen Open 2014"]
[Site "Pilsen CZE"]
[Date "2014.11.29"]
[Round "7"]
[White "Grove, Michael"]
[Black "Bechynsky, Jan"]
[Result "1-0"]
[WhiteElo "2083"]
[BlackElo "1873"]
[PlyCount "66"]
[EventDate "2014.11.23"]
[EventType "swiss"]
[EventRounds "7"]
[Source "lmi"]
[SourceDate "2014.11.23"]

1. e4 Nf6 2. e5 Nd5 3. Nf3 d6 4. c4 Nb6 5. d4 dxe5 6. Nxe5 g6 7. Nc3 Bg7 8. Be3
c6 9. Be2 O-O 10. O-O N8d7 11. f4 Qc7 12. c5 Nd5 13. Nxd5 cxd5 14. b4 Nxe5 15.
fxe5 f6 16. exf6 Rxf6 17. Qd2 Rxf1+ 18. Rxf1 e5 19. Bf3 Be6 20. a4 a6 21. Re1
e4 22. Be2 Rf8 23. Ra1 Ra8 24. Rc1 Qd7 25. b5 axb5 26. axb5 Ra4 27. Qb2 Qc7 28.
b6 Qe7 29. c6 Bc8 30. cxb7 Qxb7 31. Rc7 Qa8 32. b7 Bxb7 33. Rxb7 Qa5 1-0

[Event "Pilsen Open 2014"]
[Site "Pilsen CZE"]
[Date "2014.11.29"]
[Round "7"]
[White "Janska, Jitka"]
[Black "Steinkellner, Rudolf"]
[Result "1/2-1/2"]
[WhiteElo "2077"]
[BlackElo "1767"]
[PlyCount "69"]
[EventDate "2014.11.23"]
[EventType "swiss"]
[EventRounds "7"]
[Source "lmi"]
[SourceDate "2014.11.23"]

1. e4 c5 2. Nc3 Nc6 3. Bb5 e6 4. Bxc6 bxc6 5. d3 Nf6 6. e5 Nd5 7. Ne4 Be7 8.
Qg4 Bf8 9. Qg3 f5 10. Nd2 Nb4 11. Kd1 Ba6 12. a3 Nd5 13. Ne2 d6 14. Re1 g5 15.
Ng1 h6 16. exd6 Kd7 17. Nc4 Bxc4 18. dxc4 Bxd6 19. Qd3 Nf6 20. f3 Re8 21. Bd2
Rb8 22. Bc3 Kc8 23. Ke2 Nh5 24. g3 Rb7 25. Rad1 Rd7 26. f4 Nf6 27. Qf3 Ne4 28.
fxg5 hxg5 29. Kf1 g4 30. Qg2 Bc7 31. Rxd7 Qxd7 32. Ne2 Rd8 33. Nc1 Qh7 34. Nd3
Qf7 35. Be5 1/2-1/2

[Event "Pilsen Open 2014"]
[Site "Pilsen CZE"]
[Date "2014.11.29"]
[Round "7"]
[White "Prachar, Josef"]
[Black "Vlk, Miloslav"]
[Result "1/2-1/2"]
[WhiteElo "1884"]
[BlackElo "1956"]
[PlyCount "33"]
[EventDate "2014.11.23"]
[EventType "swiss"]
[EventRounds "7"]
[Source "lmi"]
[SourceDate "2014.11.23"]

1. d4 d5 2. c4 c6 3. Nf3 Nf6 4. Nc3 dxc4 5. a4 Bf5 6. e3 e6 7. Bxc4 Bb4 8. O-O
O-O 9. Nh4 Bg4 10. f3 Nd5 11. fxg4 Qxh4 12. Qf3 Nd7 13. e4 N5b6 14. Bb3 c5 15.
Be3 Rac8 16. a5 Na8 17. Ba4 1/2-1/2

[Event "Pilsen Open 2014"]
[Site "Pilsen CZE"]
[Date "2014.11.29"]
[Round "7"]
[White "Ruzicka, Vaclav"]
[Black "Von Keyserlingk, Chanda"]
[Result "0-1"]
[WhiteElo "1671"]
[BlackElo "1759"]
[PlyCount "78"]
[EventDate "2014.11.23"]
[EventType "swiss"]
[EventRounds "7"]
[Source "lmi"]
[SourceDate "2014.11.23"]

1. e4 c5 2. c4 Nc6 3. Ne2 g6 4. g3 Bg7 5. Bg2 d6 6. O-O Nf6 7. Nbc3 O-O 8. d3
Bd7 9. h3 Qc8 10. Kh2 Rb8 11. f4 e6 12. Be3 Ne7 13. Rb1 b6 14. Bf2 Bc6 15. Nb5
Bxb5 16. cxb5 Qd7 17. a4 Ne8 18. g4 f5 19. exf5 exf5 20. Bh4 Nf6 21. Bxf6 Bxf6
22. g5 Bg7 23. Nc3 Kh8 24. Nd5 Rbe8 25. Qd2 Rf7 26. Rbe1 Bd4 27. Re2 Nxd5 28.
Rxe8+ Qxe8 29. Bxd5 Re7 30. Bf3 Be3 31. Qc3+ Bd4 32. Qd2 Re3 33. Kg2 Qe6 34.
Rf2 Kg7 35. Bd1 Qe7 36. b3 h6 37. h4 hxg5 38. hxg5 Qe8 39. Re2 Qa8+ 0-1